000 00421cam a2200181ua 4500
020 _c35.00
041 _aeng
_h
082 _a824
_bLAW/PJ
100 _aLawrence, D H .
245 _aPhoenix /
_cD H Lawrence.
_hTextual Documents
250 _a1 /
_b.
260 _aMelbourne :
_bWilliam Heinemann Ltd ,
_c1961.
300 _a843 ; .
365 _a35.00
504 _a
942 _cBK
999 _c5302
_d5302